000
00289nam a2200121Ia 4500
008
190216s9999||||xx |||||||||||||| ||und||
100
_a
John L Kelley
245
0
_a
Algebra A Modern Introduction
260
_b
East-West Press
_c
1965
300
_a
335
650
_a
Mathematics
942
_c
BK
999
_c
30457
_d
30457